[Event "Madrid ch Veteranos 2010"]
[Site "Madrid ESP"]
[Date "2010.02.12"]
[Round "5.21"]
[White "Cortijo Manso, Luis"]
[Black "Ramos Orea, Tomas"]
[Result "0-1"]
[WhiteElo "1614"]
[BlackElo "1715"]
[PlyCount "72"]
[EventDate "2010.02.08"]
[EventType "swiss"]
[EventRounds "9"]
[EventCountry "ESP"]
[Source "lmi"]
[SourceDate "2010.02.08"]

1. e4 Nc6 2. Nf3 e5 3. Bb5 g6 4. c3 Bg7 5. O-O Nge7 6. d3 d6 7. h3 O-O 8. Be3
Bd7 9. Ba4 f5 10. Bb3+ Kh8 11. Ng5 Qe8 12. Be6 h6 13. Bxd7 Qxd7 14. Nf3 f4 15.
Bc1 g5 16. Nbd2 Ng6 17. Nh2 Nce7 18. Qg4 Qe8 19. Qd1 Ng8 20. Ndf3 Nf6 21. a4
Qe6 22. b4 g4 23. hxg4 Nxg4 24. Nxg4 Qxg4 25. Nh2 Qe6 26. Qg4 Qf7 27. c4 Rg8
28. Qh5 Bf8 29. Ng4 Qg7 30. Bd2 Ne7 31. f3 Nc6 32. Kf2 Qg5 33. Qxg5 hxg5 34.
Rh1+ Kg7 35. Rh5 Kg6 36. Rh6+ Bxh6 0-1

[Event "Madrid ch Veteranos 2010"]
[Site "Madrid ESP"]
[Date "2010.02.12"]
[Round "5.23"]
[White "Martin Rodriguez, Jose Luis"]
[Black "Aburto Renovales, Rafael"]
[Result "1-0"]
[WhiteElo "1511"]
[BlackElo "1535"]
[PlyCount "45"]
[EventDate "2010.02.08"]
[EventType "swiss"]
[EventRounds "9"]
[EventCountry "ESP"]
[Source "lmi"]
[SourceDate "2010.02.08"]

1. e4 c5 2. Nf3 e6 3. d4 cxd4 4. Nxd4 Nc6 5. Nc3 e5 6. Nxc6 bxc6 7. Bc4 Nf6 8.
Bg5 Be7 9. O-O h6 10. Bh4 d6 11. h3 Bd7 12. Ne2 Qc8 13. Bxf6 Bxf6 14. Qxd6 Qb7
15. Rfd1 Rd8 16. Ng3 Bxh3 17. Qa3 Rxd1+ 18. Rxd1 Bg4 19. f3 Qb6+ 20. Kh2 h5 21.
Nf5 Bxf5 22. exf5 h4 23. Qd6 1-0

[Event "Madrid ch Veteranos 2010"]
[Site "Madrid ESP"]
[Date "2010.02.15"]
[Round "6.2"]
[White "Garcia Gutierrez, Jose"]
[Black "Estrada Martinez, Cesar"]
[Result "0-1"]
[WhiteElo "2027"]
[BlackElo "2182"]
[PlyCount "68"]
[EventDate "2010.02.08"]
[EventType "swiss"]
[EventRounds "9"]
[EventCountry "ESP"]
[Source "lmi"]
[SourceDate "2010.02.08"]

1. e4 c5 2. d4 cxd4 3. c3 g6 4. Bc4 Bg7 5. Nf3 d6 6. O-O Nf6 7. e5 dxe5 8. Nxe5
O-O 9. cxd4 Nc6 10. Nxc6 bxc6 11. Nc3 Qd6 12. h3 Rd8 13. Qe2 e6 14. Be3 Rb8 15.
Rac1 Qb4 16. Bb3 Qa5 17. Rfd1 Ba6 18. Qf3 Bb7 19. Qe2 Nd5 20. Ne4 Nxe3 21. fxe3
Ba6 22. Qf2 Qf5 23. Nc5 Qxf2+ 24. Kxf2 Bc8 25. Ke2 Kf8 26. Rf1 Ke7 27. Rf2 f5
28. Rcf1 e5 29. g4 exd4 30. gxf5 gxf5 31. e4 d3+ 32. Kd1 Bd4 33. Rg2 Bxc5 34.
e5 Be6 0-1

[Event "Madrid ch Veteranos 2010"]
[Site "Madrid ESP"]
[Date "2010.02.15"]
[Round "6.3"]
[White "Lopez Heras, Arturo"]
[Black "Gabriel Y Galan Acevedo, Jesus"]
[Result "1-0"]
[WhiteElo "2005"]
[BlackElo "1964"]
[PlyCount "93"]
[EventDate "2010.02.08"]
[EventType "swiss"]
[EventRounds "9"]
[EventCountry "ESP"]
[Source "lmi"]
[SourceDate "2010.02.08"]

1. e4 d6 2. d4 Nf6 3. Nc3 c6 4. Nf3 Qa5 5. Bd3 e5 6. Be3 Bg4 7. O-O Be7 8. h3
Bh5 9. Rb1 b5 10. b4 Qc7 11. d5 a6 12. g4 Bg6 13. g5 Ng8 14. dxc6 Qxc6 15. Nd5
Nd7 16. Rb3 Rc8 17. Qd2 f6 18. Rfb1 Bf7 19. Rc3 Qb7 20. Rxc8+ Qxc8 21. Rb3 Bd8
22. Rc3 Qb7 23. gxf6 Ngxf6 24. Nxf6+ Nxf6 25. a4 O-O 26. Ng5 h6 27. Nxf7 Rxf7
28. axb5 axb5 29. f3 Bb6 30. Ra3 Nh5 31. Be2 Nf4 32. Kh2 Bxe3 33. Qxe3 Qc8 34.
Bf1 Qxc2+ 35. Kg1 Rf6 36. Qb3+ Qxb3 37. Rxb3 Ne6 38. Bxb5 Nd4 39. Bc4+ Kf8 40.
Ra3 Nxf3+ 41. Kg2 Ne1+ 42. Kg3 g5 43. b5 Nc2 44. Ra8+ Kg7 45. b6 d5 46. b7 Rb6
47. Bxd5 1-0

[Event "Madrid ch Veteranos 2010"]
[Site "Madrid ESP"]
[Date "2010.02.15"]
[Round "6.4"]
[White "Sanchez-Guijaldo Vela, Demetrio"]
[Black "Moragrega Herrero, Juan Jose"]
[Result "1/2-1/2"]
[WhiteElo "2149"]
[BlackElo "1981"]
[PlyCount "105"]
[EventDate "2010.02.08"]
[EventType "swiss"]
[EventRounds "9"]
[EventCountry "ESP"]
[Source "lmi"]
[SourceDate "2010.02.08"]

1. e4 e6 2. d4 d5 3. exd5 exd5 4. Nf3 Bg4 5. Bd3 Bd6 6. O-O Ne7 7. Re1 h6 8.
Nbd2 O-O 9. h3 Bh5 10. Nf1 Bg6 11. Ne5 Bxd3 12. Nxd3 Nd7 13. Qf3 c6 14. c3 Ng6
15. Nf4 Qf6 16. Qg4 Nxf4 17. Bxf4 Bxf4 18. Qxd7 Rab8 19. Qg4 Rfe8 20. Re2 Rxe2
21. Qxe2 Bd6 22. Re1 g6 23. Ne3 h5 24. Nf1 Kg7 25. Nd2 Rh8 26. Nf1 g5 27. g3 h4
28. Qg4 hxg3 29. fxg3 Rh6 30. Ne3 Rg6 31. Kg2 Qd8 32. Nf5+ Kg8 33. Re3 Bf8 34.
Qe2 Qd7 35. g4 Re6 36. Kf3 Rxe3+ 37. Qxe3 f6 38. Ng3 Bd6 39. Nh5 Qf7 40. Qd3
Be7 41. Qf5 Bd8 42. Kg2 Qe7 43. Qg6+ Kf8 44. Kf2 Qf7 45. Qxf7+ Kxf7 46. Kf3 Ke6
47. Ke3 b5 48. Kd3 a5 49. b3 Bb6 50. c4 b4 51. c5 Bc7 52. Ke2 Kf7 53. Kf3
1/2-1/2

[Event "Madrid ch Veteranos 2010"]
[Site "Madrid ESP"]
[Date "2010.02.15"]
[Round "6.5"]
[White "Carbonell Martinez, Juan"]
[Black "Perez Cameselle, Francisco"]
[Result "1-0"]
[WhiteElo "2083"]
[BlackElo "1944"]
[PlyCount "95"]
[EventDate "2010.02.08"]
[EventType "swiss"]
[EventRounds "9"]
[EventCountry "ESP"]
[Source "lmi"]
[SourceDate "2010.02.08"]

1. d4 Nf6 2. Nf3 g6 3. c4 c5 4. d5 e6 5. Nc3 exd5 6. cxd5 d6 7. e4 Bg7 8. Be2
O-O 9. Bg5 h6 10. Bh4 g5 11. Bg3 Nh5 12. Nd2 Nxg3 13. hxg3 a6 14. a4 Nd7 15.
O-O Re8 16. Nc4 Ne5 17. Ne3 Ng6 18. Bg4 Bxc3 19. bxc3 Rxe4 20. Qf3 Rxe3 21.
fxe3 Ne5 22. Qf6 Qxf6 23. Rxf6 Bxg4 24. Rxd6 Nc4 25. Rxh6 Kg7 26. Rh1 Re8 27.
Re1 Rxe3 28. Kf2 Rxc3 29. Rb1 Rc2+ 30. Kg1 Ne3 31. Rh2 Nxd5 32. Rxb7 Ra2 33.
Rb8 c4 34. Rhh8 Rxa4 35. Rbg8+ Kf6 36. Rh6+ Kf5 37. Rc6 c3 38. Rf8 f6 39. Re8
Ra1+ 40. Kh2 Kg6 41. Rd8 Ra5 42. Rdd6 c2 43. Rxc2 Ne3 44. Rc3 Nf5 45. Rb6 Ra2
46. Rcc6 Ne3 47. Rxf6+ Kg7 48. Rfc6 1-0

[Event "Madrid ch Veteranos 2010"]
[Site "Madrid ESP"]
[Date "2010.02.15"]
[Round "6.6"]
[White "Lastras Hernandez, Tomas"]
[Black "Ciuro Muñoz, Ricardo"]
[Result "0-1"]
[WhiteElo "1885"]
[BlackElo "2138"]
[PlyCount "126"]
[EventDate "2010.02.08"]
[EventType "swiss"]
[EventRounds "9"]
[EventCountry "ESP"]
[Source "lmi"]
[SourceDate "2010.02.08"]

1. d4 Nf6 2. c4 g6 3. Nc3 d5 4. cxd5 Nxd5 5. e4 Nxc3 6. bxc3 Bg7 7. Nf3 O-O 8.
Be2 c5 9. O-O Nc6 10. Bb2 Bg4 11. d5 Na5 12. h3 Bxf3 13. Bxf3 Nc4 14. Qc2 Qa5
15. Rfc1 b5 16. a3 Rab8 17. Be2 Nxb2 18. Qxb2 Qc7 19. Qd2 Be5 20. Qe1 a5 21.
Rab1 c4 22. g3 Qc5 23. Kg2 f5 24. f4 Bc7 25. exf5 Rxf5 26. Bf3 Qxa3 27. Bg4 Rf6
28. Qd2 Qc5 29. Be6+ Kg7 30. Qe2 Bd6 31. h4 Rbf8 32. Rf1 b4 33. cxb4 axb4 34.
Rbc1 c3 35. Qc2 Qc4 36. Rfe1 Ra8 37. Re4 Qa2 38. Kh3 Qxc2 39. Rxc2 Ra1 40. Rc4
Rf8 41. Kg4 Rg1 42. Rh2 Rxf4+ 43. Rxf4 Bxf4 44. Kxf4 Rd1 45. d6 exd6 46. Rc2 d5
47. Ke5 b3 48. Rxc3 b2 49. Rc7+ Kh6 50. Bg8 Kh5 51. Rxh7+ Kg4 52. Rb7 b1=Q 53.
Rxb1 Rxb1 54. Bxd5 Kxg3 55. Bf7 Rb6 56. Be8 Kxh4 57. Kf4 g5+ 58. Kf3 g4+ 59.
Kf2 Rb2+ 60. Kf1 Kg3 61. Bc6 Rf2+ 62. Ke1 Rf6 63. Ba4 Kh2 0-1

[Event "Madrid ch Veteranos 2010"]
[Site "Madrid ESP"]
[Date "2010.02.15"]
[Round "6.7"]
[White "Fuentes Arjona, Antonio"]
[Black "Olano Lanchas, Dionisio"]
[Result "1-0"]
[WhiteElo "2041"]
[BlackElo "1822"]
[PlyCount "92"]
[EventDate "2010.02.08"]
[EventType "swiss"]
[EventRounds "9"]
[EventCountry "ESP"]
[Source "lmi"]
[SourceDate "2010.02.08"]

1. e4 e5 2. Nf3 d6 3. Bc4 c6 4. Nc3 Nf6 5. d4 exd4 6. Qxd4 Be7 7. O-O O-O 8. a4
Bg4 9. Be2 Nbd7 10. h3 Bh5 11. Bf4 c5 12. Qd2 Bxf3 13. Bxf3 Ne5 14. Bxe5 dxe5
15. Nd5 Rb8 16. Rfd1 Nxd5 17. exd5 Bd6 18. c4 f5 19. Re1 a5 20. Ra3 b6 21. Bd1
f4 22. Bf3 Qg5 23. Bg4 h5 24. Be6+ Kh8 25. Rf3 Rf6 26. g3 Rd8 27. Qc2 Rdf8 28.
Qd3 Qg6 29. Qxg6 Rxg6 30. Kg2 Kh7 31. g4 h4 32. Rb3 Rb8 33. Bf5 Kh6 34. Bxg6
Kxg6 35. Kf3 Kf6 36. Ke4 g6 37. Rg1 Kg5 38. Rd1 Kf6 39. Rdd3 g5 40. Rb5 Ke7 41.
Rdb3 Bc7 42. Kf5 Kd6 43. Kxg5 Rg8+ 44. Kf5 Rf8+ 45. Ke4 Rb8 46. f3 Kd7 1-0

[Event "Madrid ch Veteranos 2010"]
[Site "Madrid ESP"]
[Date "2010.02.15"]
[Round "6.8"]
[White "Lopez Peral, Enrique"]
[Black "Martin-Consuegra Barrilero, Francisco Javier"]
[Result "1/2-1/2"]
[WhiteElo "1872"]
[BlackElo "1905"]
[PlyCount "95"]
[EventDate "2010.02.08"]
[EventType "swiss"]
[EventRounds "9"]
[EventCountry "ESP"]
[Source "lmi"]
[SourceDate "2010.02.08"]

1. c4 c6 2. e4 e5 3. Nc3 Bc5 4. Qg4 Qf6 5. Nf3 Nh6 6. Qg3 d6 7. h3 Qg6 8. Qxg6
hxg6 9. Na4 f6 10. Rg1 Nf7 11. d3 g5 12. g4 Na6 13. a3 Bd7 14. b4 Bd4 15. Bb2
Bxb2 16. Nxb2 Nd8 17. d4 Ne6 18. O-O-O Nf4 19. Rg3 Nc7 20. Nd3 Nce6 21. dxe5
dxe5 22. Nxf4 Nxf4 23. Ng1 Ke7 24. Ne2 Nxe2+ 25. Bxe2 Be6 26. Kc2 Rad8 27. Rxd8
Rxd8 28. Rd3 Rxd3 29. Kxd3 b6 30. Kc3 Kd6 31. a4 a5 32. c5+ Kc7 33. Bc4 Bd7 34.
bxa5 bxa5 35. Kd3 Bc8 36. Ke3 Kd7 37. Kd3 Ke7 38. Ke3 g6 39. Kf3 f5 40. Bd3 Kf6
41. Kg3 Be6 42. Bc2 Bc4 43. f3 Ba2 44. Kf2 Bc4 45. Kg2 fxe4 46. fxe4 Ke6 47.
Kg3 Kf6 48. Kg2 1/2-1/2

[Event "Madrid ch Veteranos 2010"]
[Site "Madrid ESP"]
[Date "2010.02.15"]
[Round "6.10"]
[White "Gonzalez Cespedes, Manuel"]
[Black "Rodriguez Bachiller, Luis"]
[Result "1-0"]
[WhiteElo "1810"]
[BlackElo "1897"]
[PlyCount "115"]
[EventDate "2010.02.08"]
[EventType "swiss"]
[EventRounds "9"]
[EventCountry "ESP"]
[Source "lmi"]
[SourceDate "2010.02.08"]

1. d4 Nf6 2. c4 g6 3. Nc3 Bg7 4. e4 d6 5. Nf3 O-O 6. Be2 e5 7. dxe5 dxe5 8.
Qxd8 Rxd8 9. Bg5 c6 10. O-O Na6 11. a3 h6 12. Bxf6 Bxf6 13. Rad1 Be6 14. b4 Kf8
15. h3 Ke8 16. c5 Nc7 17. Rxd8+ Rxd8 18. Rd1 Rxd1+ 19. Bxd1 Bc4 20. Be2 Bxe2
21. Nxe2 a5 22. Nd2 axb4 23. axb4 Na6 24. Nc4 Be7 25. Na5 Nxb4 26. Nxb7 Nd3 27.
Nc3 Bxc5 28. Nxc5 Nxc5 29. Kf1 Kd7 30. Ke2 f5 31. exf5 gxf5 32. g4 f4 33. f3
Ne6 34. h4 Nd4+ 35. Kf2 Ke6 36. Ne4 Kf7 37. h5 Ne6 38. Nd6+ Kf6 39. Nf5 c5 40.
Nxh6 c4 41. Ng8+ Kg7 42. Ne7 c3 43. Ke2 Nd4+ 44. Kd3 c2 45. Kd2 Nxf3+ 46. Kxc2
Nh2 47. Nf5+ Kh7 48. g5 f3 49. Kd3 f2 50. Ng3 Ng4 51. Ke2 Kg7 52. Ne4 Kh7 53.
Nxf2 Nh6 54. Ke3 Nf5+ 55. Kf3 Kg7 56. Nh1 Nh4+ 57. Ke4 Ng2 58. Ng3 1-0

[Event "Madrid ch Veteranos 2010"]
[Site "Madrid ESP"]
[Date "2010.02.15"]
[Round "6.11"]
[White "Fernandez- Bujarrabal, Pedro"]
[Black "Fernandez Garcia, Ignacio"]
[Result "0-1"]
[WhiteElo "1804"]
[BlackElo "1905"]
[PlyCount "100"]
[EventDate "2010.02.08"]
[EventType "swiss"]
[EventRounds "9"]
[EventCountry "ESP"]
[Source "lmi"]
[SourceDate "2010.02.08"]

1. e4 e6 2. d4 d5 3. e5 c5 4. Nf3 cxd4 5. Nxd4 Qc7 6. f4 Bd7 7. c3 Nh6 8. Bd3
Bc5 9. Be3 O-O 10. O-O f5 11. h3 Nc6 12. Nd2 a6 13. N2f3 Nf7 14. Qe1 b5 15. b4
Be7 16. Rc1 g5 17. Qg3 Nfxe5 18. Nxg5 Bxg5 19. Qxg5+ Ng6 20. h4 Qd8 21. Qxd8
Nxd8 22. Nf3 Nf7 23. Bd4 Nxf4 24. Bc2 Ne2+ 25. Kh2 Nxc1 26. Rxc1 a5 27. Bc5
Rfc8 28. a3 e5 29. Rd1 Be6 30. Bb3 axb4 31. Bxb4 Rd8 32. Re1 e4 33. Nd4 Ra6 34.
Nxb5 Ne5 35. Nc7 Rc6 36. Nxe6 Rxe6 37. Rf1 Nd3 38. Rxf5 Nxb4 39. axb4 e3 40.
Rf1 Kg7 41. Re1 e2 42. Kg1 Re5 43. c4 d4 44. c5 d3 45. Kf2 Rf8+ 46. Kg1 d2 47.
Rxe2 Rxe2 48. c6 Re3 49. Ba4 Re4 50. Bd1 Re1+ 0-1

[Event "Madrid ch Veteranos 2010"]
[Site "Madrid ESP"]
[Date "2010.02.15"]
[Round "6.12"]
[White "Benito Alba, Eladio"]
[Black "Pardo Robles, Jose Manuel"]
[Result "0-1"]
[WhiteElo "1804"]
[BlackElo "1888"]
[PlyCount "72"]
[EventDate "2010.02.08"]
[EventType "swiss"]
[EventRounds "9"]
[EventCountry "ESP"]
[Source "lmi"]
[SourceDate "2010.02.08"]

1. d4 Nf6 2. Nf3 g6 3. g3 Bg7 4. Bg2 d5 5. b3 O-O 6. Bb2 c6 7. O-O Bf5 8. c4
Na6 9. Nh4 Be6 10. Nd2 Qd7 11. Re1 Bh3 12. Bh1 Bg4 13. f3 Bh3 14. e4 dxe4 15.
Nxe4 Nxe4 16. fxe4 c5 17. Nf3 Rad8 18. Ne5 Qc7 19. Qe2 cxd4 20. Nd3 Nc5 21.
Rad1 e5 22. Nxc5 Qxc5 23. Rd3 Be6 24. g4 b5 25. cxb5 Qxb5 26. Bf3 Rc8 27. Rdd1
Qb6 28. Kg2 Rc7 29. Rc1 Bh6 30. Rxc7 Qxc7 31. Qd3 Rc8 32. Re2 Qc5 33. h4 Bc1
34. Rf2 a5 35. Bd1 Bxb2 36. Rc2 Bc3 0-1

[Event "Madrid ch Veteranos 2010"]
[Site "Madrid ESP"]
[Date "2010.02.15"]
[Round "6.13"]
[White "Corredor Gonzalez, Angel L"]
[Black "Beekhof Harmsen, Willen"]
[Result "0-1"]
[WhiteElo "1768"]
[BlackElo "1849"]
[PlyCount "86"]
[EventDate "2010.02.08"]
[EventType "swiss"]
[EventRounds "9"]
[EventCountry "ESP"]
[Source "lmi"]
[SourceDate "2010.02.08"]

1. e4 d6 2. d4 Nf6 3. Nc3 g6 4. f4 Bg7 5. e5 Nfd7 6. Bc4 e6 7. Nf3 d5 8. Bd3 c5
9. Be2 a6 10. O-O Nc6 11. Be3 O-O 12. dxc5 Qa5 13. a3 f6 14. Nd4 Nxd4 15. Bxd4
fxe5 16. fxe5 Rxf1+ 17. Qxf1 Nxe5 18. Qf4 Qc7 19. Bg4 Nf3+ 20. Qxf3 Bxd4+ 21.
Kh1 Qf7 22. Qe2 Bd7 23. Rf1 Qe8 24. Na4 Bxa4 25. Bxe6+ Kh8 26. Qg4 Bg7 27. Bxd5
Bc6 28. Bxc6 Qxc6 29. b4 Re8 30. Rd1 Kg8 31. Qc4+ Qe6 32. Qxe6+ Rxe6 33. Kg1
Kf7 34. Rd7+ Re7 35. Rd3 Ke6 36. c4 Rd7 37. Re3+ Be5 38. b5 Rc7 39. c6 axb5 40.
cxb5 bxc6 41. a4 cxb5 42. axb5 Rb7 43. Rb3 Kd5 0-1

[Event "Madrid ch Veteranos 2010"]
[Site "Madrid ESP"]
[Date "2010.02.15"]
[Round "6.14"]
[White "Leniz Martinez, Francisco"]
[Black "Pardiñas Riaño, Emilio"]
[Result "1-0"]
[WhiteElo "1845"]
[BlackElo "1801"]
[PlyCount "85"]
[EventDate "2010.02.08"]
[EventType "swiss"]
[EventRounds "9"]
[EventCountry "ESP"]
[Source "lmi"]
[SourceDate "2010.02.08"]

1. e4 c5 2. Nf3 d6 3. d4 cxd4 4. Nxd4 Nf6 5. Nc3 a6 6. Be3 e6 7. f3 Be7 8. Qd2
Nc6 9. O-O-O Qc7 10. g4 h6 11. h4 b5 12. Kb1 Bb7 13. Be2 O-O-O 14. Nxc6 Bxc6
15. a4 Qb7 16. a5 d5 17. Bb6 Rd7 18. e5 Ne8 19. Qd4 Kb8 20. Rh3 Nc7 21. Na2 Na8
22. Bc5 Bxc5 23. Qxc5 Rhd8 24. Qd4 Rc7 25. f4 Rdc8 26. Rdd3 Bd7 27. Rc3 Rxc3
28. Rxc3 Rxc3 29. Qxc3 Qc7 30. Qb4 Kb7 31. Nc1 f6 32. exf6 gxf6 33. Nb3 Qc6 34.
Qd4 f5 35. g5 hxg5 36. hxg5 Be8 37. g6 e5 38. Qxe5 Bxg6 39. Bd3 Nc7 40. Bxf5
Bxf5 41. Qxf5 Qc4 42. Qf6 Qc6 43. Qf7 1-0

[Event "Madrid ch Veteranos 2010"]
[Site "Madrid ESP"]
[Date "2010.02.15"]
[Round "6.15"]
[White "Ortega Morales, Pedro"]
[Black "Alvarez Escudero, Manuel"]
[Result "1/2-1/2"]
[WhiteElo "1791"]
[BlackElo "1839"]
[PlyCount "57"]
[EventDate "2010.02.08"]
[EventType "swiss"]
[EventRounds "9"]
[EventCountry "ESP"]
[Source "lmi"]
[SourceDate "2010.02.08"]

1. d4 d5 2. Bf4 Nf6 3. e3 e6 4. Nf3 c5 5. c3 Nc6 6. Bd3 h6 7. Nbd2 cxd4 8. exd4
Bd6 9. Ne5 Qc7 10. Qe2 Nd7 11. Ndf3 Ndxe5 12. Nxe5 Nxe5 13. dxe5 Bc5 14. Qg4
Bf8 15. O-O Bd7 16. Rfe1 O-O-O 17. Be3 Kb8 18. Qd4 b6 19. b4 g5 20. a4 Bg7 21.
f4 Rdf8 22. fxg5 Bxe5 23. Qg4 hxg5 24. g3 f6 25. Bd4 Bxd4+ 26. Qxd4 f5 27. c4
dxc4 28. Bxc4 f4 29. Bxe6 1/2-1/2

[Event "Madrid ch Veteranos 2010"]
[Site "Madrid ESP"]
[Date "2010.02.15"]
[Round "6.16"]
[White "Garcia Lopez, Pedro"]
[Black "Martinez Miura, Enrique"]
[Result "1-0"]
[WhiteElo "1855"]
[BlackElo "1724"]
[PlyCount "75"]
[EventDate "2010.02.08"]
[EventType "swiss"]
[EventRounds "9"]
[EventCountry "ESP"]
[Source "lmi"]
[SourceDate "2010.02.08"]

1. d4 e6 2. c4 d5 3. e3 Nf6 4. Nc3 Be7 5. Nf3 O-O 6. a3 c6 7. Bd2 dxc4 8. Bxc4
b5 9. Bd3 a6 10. O-O Bb7 11. b4 Nbd7 12. Qc2 h6 13. e4 Rc8 14. h3 Re8 15. Qc1
Bf8 16. Bf4 a5 17. Rb1 axb4 18. axb4 Ra8 19. Rd1 Qb6 20. Bc2 Ra6 21. Qd2 Rea8
22. Qd3 g6 23. e5 Nd5 24. Nxd5 cxd5 25. h4 h5 26. Qd2 Ra2 27. Rdc1 Rc8 28. Qd3
Qa6 29. Ng5 Ra3 30. Rb3 Rxb3 31. Qxb3 Nb6 32. Qd3 Na4 33. Bd2 Qa7 34. Nxf7 Rxc2
35. Rxc2 Kxf7 36. Rc7+ Ke8 37. Qxb5+ Kd8 38. Qd7# 1-0

[Event "Madrid ch Veteranos 2010"]
[Site "Madrid ESP"]
[Date "2010.02.15"]
[Round "6.17"]
[White "Alfageme Sanchez, Jesus"]
[Black "Ramos Orea, Tomas"]
[Result "1-0"]
[WhiteElo "1825"]
[BlackElo "1715"]
[PlyCount "51"]
[EventDate "2010.02.08"]
[EventType "swiss"]
[EventRounds "9"]
[EventCountry "ESP"]
[Source "lmi"]
[SourceDate "2010.02.08"]

1. e4 e5 2. Bc4 Nc6 3. Nf3 Bc5 4. O-O Nf6 5. d3 d6 6. Bg5 h6 7. Bh4 Qe7 8. a3
Be6 9. Nbd2 g5 10. Bg3 a6 11. b4 Ba7 12. Bxe6 fxe6 13. c4 Nh5 14. Nxe5 Nxe5 15.
Bxe5 dxe5 16. Qxh5+ Kd7 17. c5 Raf8 18. Ra2 b6 19. Nc4 Qf6 20. cxb6 cxb6 21.
Qe2 b5 22. Ne3 h5 23. a4 Ra8 24. axb5 axb5 25. d4 Bxd4 26. Qxb5+ 1-0

[Event "Madrid ch Veteranos 2010"]
[Site "Madrid ESP"]
[Date "2010.02.15"]
[Round "6.18"]
[White "Hernandez Del Can, Jose"]
[Black "Poblador Dieguez, Alfredo"]
[Result "0-1"]
[WhiteElo "1821"]
[BlackElo "1673"]
[PlyCount "28"]
[EventDate "2010.02.08"]
[EventType "swiss"]
[EventRounds "9"]
[EventCountry "ESP"]
[Source "lmi"]
[SourceDate "2010.02.08"]

1. c4 e5 2. Nc3 Nf6 3. Nf3 Nc6 4. g3 d5 5. cxd5 Nxd5 6. Nxd5 Qxd5 7. Qb3 Qxb3
8. axb3 Nb4 9. Kd1 Be6 10. d3 Bxb3+ 11. Kd2 Nc2 12. Kc3 Nxa1 13. Be3 a5 14. d4
Bb4+ 0-1

[Event "Madrid ch Veteranos 2010"]
[Site "Madrid ESP"]
[Date "2010.02.15"]
[Round "6.20"]
[White "Gonzalo Gonzalez, Francisco"]
[Black "Martin Rodriguez, Jose Luis"]
[Result "1-0"]
[WhiteElo "1761"]
[BlackElo "1511"]
[PlyCount "56"]
[EventDate "2010.02.08"]
[EventType "swiss"]
[EventRounds "9"]
[EventCountry "ESP"]
[Source "lmi"]
[SourceDate "2010.02.08"]

1. e4 e6 2. Nc3 d5 3. exd5 exd5 4. Nf3 Nf6 5. d4 Nc6 6. Bb5 Bd7 7. O-O Be7 8.
Bg5 O-O 9. Bxf6 Bxf6 10. Nxd5 a6 11. Nxf6+ Qxf6 12. Bd3 Bg4 13. c3 Bxf3 14.
gxf3 Rad8 15. Kh1 Rd5 16. Rg1 Ne7 17. Be4 Rh5 18. Bxb7 Qh4 19. Rg2 f5 20. Bxa6
f4 21. Qg1 Nf5 22. Bd3 g6 23. Rg4 Qh3 24. Rxf4 Ng3+ 25. fxg3 Rxf4 26. Bc4+ Kg7
27. gxf4 Qxf3+ 28. Qg2 Qxf4 1-0

[Event "Madrid ch Veteranos 2010"]
[Site "Madrid ESP"]
[Date "2010.02.16"]
[Round "7.1"]
[White "Estrada Martinez, Cesar"]
[Black "Lorite Cruz, Francisco"]
[Result "1/2-1/2"]
[WhiteElo "2182"]
[BlackElo "2073"]
[PlyCount "116"]
[EventDate "2010.02.08"]
[EventType "swiss"]
[EventRounds "9"]
[EventCountry "ESP"]
[Source "lmi"]
[SourceDate "2010.02.08"]

1. d4 Nf6 2. Nf3 c5 3. c4 cxd4 4. Nxd4 Nc6 5. Nc3 d6 6. e4 Bd7 7. Be2 g6 8. O-O
Bg7 9. Be3 O-O 10. f3 a6 11. Qd2 Rc8 12. Nxc6 Bxc6 13. Rac1 b6 14. Rfd1 Nd7 15.
Bf1 a5 16. b3 Nc5 17. Bd4 Bxd4+ 18. Qxd4 Qc7 19. Re1 Rfd8 20. g3 Qb7 21. Bh3
Rb8 22. Bg2 e5 23. Qd2 Ne6 24. f4 Qe7 25. Nd5 Bxd5 26. exd5 Nc5 27. fxe5 dxe5
28. Rcd1 Rd6 29. Qc3 Re8 30. a3 Rdd8 31. b4 axb4 32. axb4 Na6 33. Rb1 Rc8 34.
Qa3 Nb8 35. Rbc1 Nd7 36. Rc2 Qd6 37. Qb3 e4 38. Rxe4 Rxe4 39. Bxe4 Qe5 40. Qd3
f5 41. Bf3 Qe1+ 42. Kg2 Qxb4 43. d6 Qc5 44. Re2 Nf6 45. Re6 Ne4 46. Bxe4 fxe4
47. Qxe4 Rf8 48. Qe2 Qc6+ 49. Kh3 Qd7 50. g4 Qc6 51. Qe4 Rf3+ 52. Kg2 Qxe4 53.
Rxe4 Rd3 54. Re8+ Kf7 55. Re7+ Kf6 56. Rxh7 Rxd6 57. h4 Rd4 58. g5+ Kf5 1/2-1/2

[Event "Madrid ch Veteranos 2010"]
[Site "Madrid ESP"]
[Date "2010.02.16"]
[Round "7.3"]
[White "Fuentes Arjona, Antonio"]
[Black "Carbonell Martinez, Juan"]
[Result "1/2-1/2"]
[WhiteElo "2041"]
[BlackElo "2083"]
[PlyCount "49"]
[EventDate "2010.02.08"]
[EventType "swiss"]
[EventRounds "9"]
[EventCountry "ESP"]
[Source "lmi"]
[SourceDate "2010.02.08"]

1. e4 e5 2. Nf3 Nc6 3. d4 exd4 4. c3 d5 5. exd5 Qxd5 6. cxd4 Bb4+ 7. Nc3 Bg4 8.
Be2 O-O-O 9. O-O Qa5 10. Be3 Nf6 11. Qb3 Be6 12. Bc4 Nd5 13. Nxd5 Bxd5 14. Bxd5
Qxd5 15. Qxd5 Rxd5 16. Rfc1 f6 17. Rc4 Bd6 18. Rac1 Kd7 19. a3 Re8 20. b4 Ne7
21. g3 Nf5 22. R4c3 Re4 23. Kg2 Re8 24. Nd2 c6 25. Nb3 1/2-1/2

[Event "Madrid ch Veteranos 2010"]
[Site "Madrid ESP"]
[Date "2010.02.16"]
[Round "7.5"]
[White "Garcia Gutierrez, Jose"]
[Black "Gonzalez Cespedes, Manuel"]
[Result "1-0"]
[WhiteElo "2027"]
[BlackElo "1810"]
[PlyCount "120"]
[EventDate "2010.02.08"]
[EventType "swiss"]
[EventRounds "9"]
[EventCountry "ESP"]
[Source "lmi"]
[SourceDate "2010.02.08"]

1. e4 e5 2. d4 exd4 3. f4 Bb4+ 4. Nd2 Nf6 5. Bd3 d5 6. e5 Ne4 7. Ngf3 Bg4 8.
O-O Bxd2 9. Bxd2 Nd7 10. Qe1 Bxf3 11. Rxf3 Ndc5 12. b4 Nxd2 13. Qxd2 Ne4 14.
Qe1 Nc3 15. f5 Qe7 16. a3 O-O-O 17. Qg3 Ne4 18. Qf4 g5 19. fxg6 fxg6 20. Bxe4
dxe4 21. Qxe4 Rhf8 22. Rxf8 Qxf8 23. Rf1 Qe7 24. e6 Rd6 25. Re1 c6 26. Qe5 Rd5
27. Qf4 d3 28. cxd3 Rxd3 29. Qf7 Kd8 30. Qg8+ Kc7 31. Qf7 Kd8 32. a4 Rd5 33.
Qf4 Kc8 34. Qe3 a6 35. Qe4 Rd6 36. Qe5 b5 37. axb5 axb5 38. Qh8+ Rd8 39. Qa1
Kb7 40. Qa3 Ra8 41. Qb3 Ra4 42. Rd1 Kc8 43. Qc3 Qxe6 44. Qh8+ Kb7 45. Qd8 Ka6
46. Qa8+ Kb6 47. Qb8+ Ka6 48. h3 Qe3+ 49. Kh2 Qa7 50. Qd6 Kb7 51. Qd7+ Kb6 52.
Qd4+ Ka6 53. Qc3 Qc7+ 54. Kh1 Kb6 55. Qc5+ Kb7 56. Re1 Ra2 57. g3 Qb6 58. Qe7+
Qc7 59. Qf8 Ra7 60. Re7 Ra8 1-0

[Event "Madrid ch Veteranos 2010"]
[Site "Madrid ESP"]
[Date "2010.02.16"]
[Round "7.7"]
[White "Perez Cameselle, Francisco"]
[Black "Pardo Robles, Jose Manuel"]
[Result "0-1"]
[WhiteElo "1944"]
[BlackElo "1888"]
[PlyCount "102"]
[EventDate "2010.02.08"]
[EventType "swiss"]
[EventRounds "9"]
[EventCountry "ESP"]
[Source "lmi"]
[SourceDate "2010.02.08"]

1. e4 c5 2. d3 Nc6 3. g3 e6 4. Nf3 d6 5. Bg2 g6 6. O-O Bg7 7. c3 Nge7 8. Be3
O-O 9. Qd2 Re8 10. h4 h5 11. Bh6 Ne5 12. Bxg7 Nxf3+ 13. Bxf3 Kxg7 14. Bg2 Nc6
15. f4 Ne7 16. Qf2 b6 17. f5 Ng8 18. fxg6 fxg6 19. Qf7+ Kh6 20. e5 d5 21. c4
Re7 22. Qf4+ Kg7 23. Nc3 Bb7 24. g4 hxg4 25. h5 gxh5 26. Qg5+ Kh8 27. Qxh5+ Rh7
28. Qxg4 dxc4 29. Bxb7 Rxb7 30. Rf3 Rg7 31. Rh3+ Nh6 32. Rxh6+ Kg8 33. Rg6 Qd4+
34. Qxd4 Rxg6+ 35. Kf2 cxd4 36. Ne4 cxd3 37. Rc1 Rf8+ 38. Nf6+ Kg7 39. Rc7+ Rf7
40. Rc8 Rfxf6+ 41. exf6+ Rxf6+ 42. Ke1 e5 43. Re8 Kf7 44. Rb8 Ke6 45. Kd2 Rf2+
46. Kxd3 Rxb2 47. Re8+ Kd6 48. a4 Ra2 49. Ke4 Rxa4 50. Rd8+ Ke7 51. Rd5 Ra5 0-1